<The> Application of Lee Carter model for selected populations in west and central european countries
Charakteristika Lee Carter modelu a jeho využitie pri sledovaní priemernej dĺžky života populácie strednej a západnej Európy.
Gespeichert in:
| 1. Verfasser: | |
|---|---|
| Format: | Buchkapitel |
| Sprache: | Englisch |
| Schlagworte: | |
| Tags: |
Keine Tags, Fügen Sie das erste Tag hinzu!
|
MARC
| LEADER | 00000nla$a2200000$$$4500 | ||
|---|---|---|---|
| 001 | 0070344 | ||
| 005 | 20221128090316.0 | ||
| 041 | 0 | |a eng | |
| 044 | |a SK | ||
| 245 | 1 | 0 | |a <The> Application of Lee Carter model for selected populations in west and central european countries |c Monika Papiez |
| 520 | |a Charakteristika Lee Carter modelu a jeho využitie pri sledovaní priemernej dĺžky života populácie strednej a západnej Európy. | ||
| 610 | 2 | 0 | |a úmrtnosť |
| 610 | 2 | 0 | |a tabuľky štatistické |
| 610 | 2 | 0 | |a populácia |
| 610 | 2 | 0 | |a modely |
| 610 | 2 | 0 | |a stredná Európa |
| 610 | 2 | 0 | |a západná Európa |
| 100 | 1 | |a Papiez, Monika | |